000 00563nam a22002057a 4500
003 OSt
005 20140310183113.0
008 130406t xxu||||| |||| 00| 0 eng d
020 _a9714204313
050 _aBC71
_b.M495 2004
082 _aFIL 160
_bM47 2004
245 _aBasics of logic
_cMeer,Thelma Q., Lou S. Hualda, Lamberto M. Bamba,Jr.
260 _aManila :
_bTrinitas Publishing Inc.,
_cc2004.
300 _a163p. :
_bill.;
_c24 cm.
521 _aCollege
526 _c1210L to 1700L
541 _j1
562 _e1
942 _2lcc
_cBK
999 _c18865
_d18865